LIBRARY & INFORMATION CENTRE, KCAET, TAVANUR

ONLINE PUBLIC ACCESS CATALOGUE (OPAC)

Fundamental principles of road engineering / (Record no. 2760)

MARC details
000 -LEADER
fixed length control field 00407cam a2200157ua 4500
003 - CONTROL NUMBER IDENTIFIER
control field OSt
008 - FIXED-LENGTH DATA ELEMENTS--GENERAL INFORMATION
fixed length control field 250731b |||||||| |||| 00| 0 eng d
082 ## - DEWEY DECIMAL CLASSIFICATION NUMBER
Classification number 625.7
Item number PRI/FU
100 ## - MAIN ENTRY--AUTHOR NAME
Personal name Priyam, V. B .
245 ## - TITLE STATEMENT
Title Fundamental principles of road engineering /
250 ## - EDITION STATEMENT
Edition statement 4 /
260 ## - PUBLICATION, DISTRIBUTION, ETC. (IMPRINT)
Place of publication india :
Name of publisher Charactor Book Stall ,
Year of publication 1962.
300 ## - PHYSICAL DESCRIPTION
Number of Pages 324 ; .
700 1# - ADDED ENTRY--PERSONAL NAME
Personal name Vasan, B .
942 ## - ADDED ENTRY ELEMENTS (KOHA)
Koha item type Books
Holdings
Withdrawn status Lost status Damaged status Home library Current library Date acquired Full call number Accession Number Koha item type
Withdrawn     KAUAET KAUAET 07/04/2012 625.7 PRI/FU 13430 Books
free website counter